| 000 | 01050nam a2200217Ii 4500 | ||
|---|---|---|---|
| 003 | JO-AjNU | ||
| 008 | 230605s9999||||xx |||||||||||||| ||und|| | ||
| 040 |
_aJO-AjNU _bara _erda _cJO-AjNU |
||
| 041 | _aara | ||
| 050 | 1 | 4 | _aDS247 1997 |
| 100 | 3 |
_aتقديم وتعريب وتحرير البادي،عوض, _eauthor _918651 |
|
| 245 | 0 | 0 | _aالأوضاع السياسية في وسط الجزيرة العربية عند نهاية القرن التاسع عشر(حائل، القصيم، الرياض ): نص رحلة البارون ادوارد نولده مبعوث روسيا الى نجد عام 1893 م/1310ه |
| 250 | _aط1 | ||
| 264 | 3 | 1 | _a د.م: دار بلاد العرب للنشر، 1997 |
| 300 | _a118ص | ||
| 336 |
_atext _btxt _2rdacontent |
||
| 337 |
_aunmediated _bn _2rdamedia |
||
| 338 |
_avolume _bnc _2rdacarrier |
||
| 490 | 0 | _aسلسلة رحلات بلاد العرب؛ 2 | |
| 650 | 4 |
_aشبة الجزيرة العربية- تاريخ القرن التاسع عشر ، شبة الجزيرة العربية- رحلات _918652 |
|
| 999 |
_aA6006 _c9574 _d9574 |
||